Livro

El impacto de los hipermercados como efecto de la globalización en los medios urbanos /

Na minha lista:
Detalhes bibliográficos
Autor principal: Dager, Vanesa
Outros Autores: Mezzabarba, M Alejandra
Formato: Livro
Idioma:espanhol
Publicado em: Buenos Aires : [s.n.], 1999
Assuntos:

MARC

LEADER 00000nam#a2200000#a#4500
001 006687
005 20160707161354.0
008 000424s1999####ag##################spa#d
040 |a AR-beUNQ 
099 |a T/12-D24 
100 1 |a Dager, Vanesa 
245 0 3 |a El impacto de los hipermercados como efecto de la globalización en los medios urbanos /  |c Vanesa Dager ; M. Alejandra Mezzabarba. 
260 |a Buenos Aires :  |b [s.n.],  |c 1999 
300 |a en varias paginaciones :   |b il. 
500 |a Trabajo práctico presentado para la materia Globalización y economía urbana. Universidad Nacional de Quilmes 
942 |c TP  |n 0 
650 7 |a GLOBALIZACION  |2 toit 
650 7 |a TRABAJOS PRACTICOS  |2 toit 
651 7 |a ARGENTINA  |2 Spines 
653 |a HIPERMERCADOS 
653 |a UNQ 
700 1 |a Mezzabarba, M Alejandra 
929 |a COMPRA  |b Carlos Fidel  |e 19991007  |j 27862 
999 |c 1328  |d 76715